=LDR 00000nam 2200000 4500 =001 INLIS000000000038014 =005 20130612143718 =008 ***********************************ind** =035 ##$$0010-061300000038014 =041 ##$$a ind =082 ##$$a 570.107 =090 ##$$a 570.107, Nur s =100 ##$$a Nurhayati, nunung =245 ##$$a Sain Biologi untuk SMP/MTS, Nunung Nurhayati =650 ##$$a Biologi =850 ##$$a NBPNMAT